000
00320nam a22001337a 4500
008
170613b xxu||||| |||| 00| 0 eng d
020
_a
9780321159762
041
_a
eng
080
_2
5 ED
_a
32
100
_a
19
101
_a
SHP
245
_a
POLITICAL IDEOLOGIES AND THE DEMOCRATIC IDEAL
_c
BALL.T
942
_2
udc
_c
BK
999
_c
17237
_d
17237